000 00512nam a22001697a 4500
008 140904b xxu||||| |||| 00| 0 eng d
020 _a0406031746
050 _aKD288.A64(1994 vol. 3)
245 _aThe All England law reports 1994 (vol.3). /
_cedited by Peter Hutchesson and assisted by Brook Watson
260 _aLondon:
_bButterworth,
_c1994.
300 _axvi, 992p.:
_c25cm.
440 _vVol. 3
500 _aIncludes index
700 _aHutchesson, Peter
700 _aWatson, Brook
942 _2lcc
_cBK
999 _c4276
_d11776